Determinación de la acidez volátil en los vinos sulfitados / por D. Juan Guiteras Farrás...

por Gutieras Farrás, Juan

Descripción Física: p. 203-214 ; 24 cm
Materias: Vinicultura

MARC

LEADER 00000nam a2200000Ia 4500
001 8870
008 160829s1941 xx 000 0 cat d
080 |a FU-9-48 
100 |a Gutieras Farrás, Juan  |9 24927 
245 |a Determinación de la acidez volátil en los vinos sulfitados / por D. Juan Guiteras Farrás... 
260 |a Barcelona :  |b [Escuela de Peritos Agrícolas y Superior de Agricultura],  |c 1941 
300 |a p. 203-214 ;  |c 24 cm 
590 |a Separata de: Anales de la Escuela de Peritos Agrícolas y Superior de Agricultura ; vol. 1, fasc. 3 
650 0 |a Vinicultura   |9 30930 
710 2 |a Escuela de Peritos Agrícolas y Superior de Agricultura   |9 54569 
856 4 |u https://media.diba.cat/diba/fitxers/arxiu/fulletons/bib_8870_baixa.pdf  |y Accés lliure 
856 4 |u https://media.diba.cat/diba/fitxers/arxiu/fulletons/bib_8870_baixa.pdf  |y Accés lliure 
901 |a Arxiu 
942 |n 1  |2 udc 
952 |0 0  |1 0  |4 0  |6 FU948  |7 1  |9 43378  |a Arxiu  |b Arxiu  |d 2016-12-01  |l 0  |o FU-9-48  |p 8870  |r 2016-12-01 00:00:00  |w 2016-12-01  |y ARXIU 
999 |c 45923  |d 45923 
900 |a bib_8870_baixa.pdf